Operacionnyje sistemy

Uložené v:
Podrobná bibliografia
Hlavní autori: Cikritris, D. (Autor), Bernstajn, F. (Autor)
Médium: Kniha
Jazyk:Russian
Vydavateľské údaje: Moskva : Mir, 1977
Vydanie:Z angl. prel. V.L.Ušikovoj, N.B.Fejgeľson
Tagy: Pridať tag
Žiadne tagy, Buďte prvý, kto otaguje tento záznam!

MARC

LEADER 00000nam a22000003a 4500
001 stu201626
005 20150617230107.2
008 100326s1977----xxr-----------------rus-d
040 |a STU  |b slo 
041 0 |a rus 
044 |a xxr 
080 |a 681.142.2 
100 1 |a Cikritris, D.  |4 aut 
245 1 |a Operacionnyje sistemy 
250 |a Z angl. prel. V.L.Ušikovoj, N.B.Fejgeľson 
260 |a Moskva :  |b Mir,  |c 1977 
300 |a 336 s 
700 1 |a Bernstajn, F.  |4 aut 
996 |c I*3S2393  |l I  |s A  |a 24  |w stu201626_0002